Mosaicos griegos bizantinos

Guardat en:
Dades bibliogràfiques
Autor principal: Grabar, André (Autor)
Format: Llibre
Idioma:espanyol
Publicat: Ciudad de México Hermes 1964
Col·lecció:Colección Unesco-Hermes Bolsilibros de Arte
Matèries:
Etiquetes: Afegir etiqueta
Sense etiquetes, Sigues el primer a etiquetar aquest registre!

MARC

LEADER 00000nam a2200000 a 4500
001 UCO1845
003 CL-VaPUC
008 000519e19640000MX |||||||||||||||||spa|d
082 0 4 |a 738.5  |b GRA  |2 21 
100 |a Grabar, André  |e author  |9 592177 
245 1 0 |a Mosaicos griegos bizantinos 
300 |a 24 p 
942 |c BK 
945 |d 20000519 00:00:00  |a rbrito 
260 |a Ciudad de México  |b Hermes  |c 1964 
650 0 |a Mosaicos  |9 267156 
650 0 |a Arte en mosaicos   |9 444387 
650 7 |a MOSAICOS GRIEGOS  |2 CL-VaPUC  |9 444388 
650 0 |a Arte bizantino  |9 267895 
583 |a last modification  |c 20000519 00:00:00  |k Rodrigo Vera 
490 0 |a Colección Unesco-Hermes Bolsilibros de Arte 
999 |c 288437  |d 288435 
952 |0 0  |1 0  |4 0  |6 738_500000000000000_GRA_1964  |7 0  |8 P  |9 336108  |a BIBARQ  |b BIBARQ  |d 2019-11-20  |i 3620581  |o 738.5 GRA 1964  |p 3620581  |r 2025-01-20  |w 2019-11-20  |y BK  |k ARQ